000 00829nam a2200253 a 4500
001 25911
003 BD-RjUL
005 20211209050938.0
008 140319s1983 ko ac 000 0 eng d
035 _a(BD-RjUL)25981
040 _aEQO
_cEQO
_beng
_dBD-RjUL
041 1 _aeng
_hkor
082 0 0 _a951.93043
_219
_bKIM V-14 1983
100 1 _aKim, Il-sŏng,
_d1912-1994.
_979621
245 1 0 _aKim Il Sung :
_bworks.
_cIl-sŏng Kim.
_nVolume 14 :
_pJanuary -December 1960.
260 _aPyongyang, Korea :
_bForeign Languages Pub. House,
_c1983.
300 _a398 p. :
_bill., port. ;
_c21 cm.
600 _a Kim, Il-sŏng, -- 1912-1994.
_979625
651 0 _aKorea (North)
_xPolitics and government
_y1948-1994
_eSources.
_979548
942 _2ddc
_cBK
999 _c25911
_d25911